من تاريخ وحضارة مصر الفرعونية

محفوظ في:

المؤلف الرئيسي: فتحى عفيفى بدوى.

التنسيق: كتاب

اللغة: Undetermined

منشور في: Miṣr Matbaeat al'amana 1984

الوسوم: إضافة وسم

لا توجد وسوم, كن أول من يضع وسما على هذه التسجيلة!

رقم الطلب: H20 BADA

LEADER 00386nam a2200121Ia 4500
008 240404s9999||||xx |||||||||||||| ||und||
050 4 |a H20 BADA 
100 1 |a فتحى عفيفى بدوى. 
245 1 0 |a من تاريخ وحضارة مصر الفرعونية  |c فتحى عفيفى بدوى 
264 1 |a Miṣr  |b Matbaeat al'amana  |c 1984 
300 |a 256,17 Plates  |c 24 
942 |2 lcc  |c BK 
999 |c 58119  |d 58119